00417nam a2200169Ia 4500003000400000008004100004040001600045082001300061100002200074245004900096260002400145300001000169650001500179650001200194650001900206650002200225GCL140319s9999 xx 000 0 eng d aGCL / cGCL04a843bH P1 aHEMINGWAY, ERNEST10aPOUR QUI SONNE LE GLAS / cHEMINGWAY, ERNEST a[S.N] : bHEINEMANN a504 P04aLITERATURE04aFICTION04aFRENCH FICTION04aFRENCH LITERATURE